Two-Letter Words That Begin With U Quiz Stats

Quiz Updated Mar 27, 2015

Challenge
Share
Tweet
Embed
Score 0/6 Timer 00:30
7 Plays Today
% Correct
up
94.6%
us
90.4%
un
89.3%
um
84.5%
ut
78.3%
uh
77.4%

You're not logged in!

Compare scores with friends on all Sporcle quizzes.
Join for Free
OR
Log In

You Might Also Like...

Show Comments

Extras

Top Quizzes Today


Score Distribution

Your Account Isn't Verified!

In order to create a playlist on Sporcle, you need to verify the email address you used during registration. Go to your Sporcle Settings to finish the process.

Report this User

Report this user for behavior that violates our Community Guidelines.

Details: